000 00418nam a22001697a 4500
003 MACL
005 20160114141528.0
008 160114b xxu||||| |||| 00| 0 eng d
040 _cMACL
041 _aEnglish
082 _a900/PAU
100 _aPaul,Anuradha
_932250
245 _aThe Gonds Genesis History and Culture
260 _aIndia
_bNational Book Trust
_c2013
650 _aHistory
_932251
942 _2ddc
_cBK
999 _c52231
_d52231